| 000 | 00868cam a2200169ua 4500 | ||
|---|---|---|---|
| 003 | OSt | ||
| 008 | 220204b ||||| |||| 00| 0 eng d | ||
| 041 | _aeng | ||
| 082 |
_a519.01 _bMOO/IN |
||
| 100 |
_aMood, Alexander M. _95164 |
||
| 245 | _aIntroduction to theory of statistics / | ||
| 250 | _a2 / | ||
| 260 |
_aNew York : _bMc Graw Hill Book Company , _c1963. |
||
| 300 | _a443 ; . | ||
| 505 | _aI Probability II Random Variables, Distribution Functions, and Expectation ill Special Parametric Families of Univariate Distributions IV Joint and Conditional Distributions, Stochastic Independence, More Expectation V Distributions of Functions of Random Variables VI Sampling and Sampling Distributions VII Parametric Point Estimation vm Parametric Interval Estimation IX Tests of Hypotheses X Linear Models XI Nonparametric Methods | ||
| 942 | _cBK | ||
| 999 |
_c1502 _d1502 |
||